Lembranças da Meia-Noite / (Record no. 404)

MARC details
000 -LÍDER
campo de controle de tamanho fixo 01169nam a22003137a 4500
001 - NÚMERO DE CONTROLE
campo de controle 404
003 - IDENTIFICADOR DO NÚMERO DE CONTROLE
campo de controle OSt
005 - DATA E HORÁRIO DA ÚLTIMA TRANSAÇÃO
campo de controle 20250624131859.0
008 - CAMPO DE DADOS FIXOS--INFORMAÇÃO GERAL
campo de controle de tamanho fixo 250506b |||||||| |||| 00| 0 eng d
040 ## - FONTE DA CATALOGAÇÃO
Idioma da catalogação por
041 ## - CÓDIGO DE IDIOMA
Código do idioma do original e/ou traduções intermediárias do texto eng
Código do idioma do texto/trilha sonora ou título diferente por
082 ## - CDD - CLASSIFICAÇÃO DECIMAL DE DEWEY
Número de Classificação 813
Número do exemplar S544l
100 1# - ENTRADA PRINCIPAL--NOME PESSOAL
Nome pessoal Sheldon, Sidney,
Datas associadas ao nome 1917-2007.
9 (RLIN) 871
240 ## - TÍTULO UNIFORME
Título uniforme Memories of midnight
245 ## - TÍTULO
Título Lembranças da Meia-Noite /
Indicação de responsabilidade, etc. Sheldon, Sidney ; Tradução de: A B. Pinheiros de Lemos
260 ## - PUBLICAÇÃO, DISTRIBUIÇÃO, ETC.
Local de publicação, distribuição, etc. 1990
Nome do editor, distribuidor, etc. Record
Data da publicação, distribuição, etc. Rio de Janeiro
300 ## - DESCRIÇÃO FÍSICA
Extensão 364 p.
500 ## - NOTA GERAL
Nota geral Lembranças da Meia-noite:<br/>a continuação de O outro lado da meia-noite
520 ## - NOTA DE RESUMO, ETC.
Resumo, etc. Continuação do grande sucesso do autor, "O Outro Lado da Meia-Noite", o livro dá sequencia aos acontecimentos ocorridos no primeiro romance, mas é uma história independente cuja personagem principal, Catherine Douglas, luta contra um destino aterrador.<br/>
650 #0 - ASSUNTO--TERMO TÓPICO
Cabeçalho tópico ou nome geográfico Literatura Americana
9 (RLIN) 84
650 #0 - ASSUNTO--TERMO TÓPICO
Cabeçalho tópico ou nome geográfico Suspense
9 (RLIN) 10
650 #0 - ASSUNTO--TERMO TÓPICO
Cabeçalho tópico ou nome geográfico Mistério
9 (RLIN) 42
650 #0 - ASSUNTO--TERMO TÓPICO
Cabeçalho tópico ou nome geográfico Amnésia
9 (RLIN) 729
650 #0 - ASSUNTO--TERMO TÓPICO
Cabeçalho tópico ou nome geográfico Romance Policial
9 (RLIN) 11
655 #0 - TERMO DE ÍNDICE--GÊNERO E FORMA
Gênero/forma/ou termo foco Romance
655 #0 - TERMO DE ÍNDICE--GÊNERO E FORMA
Gênero/forma/ou termo foco Ficção
700 ## - ENTRADA ADICIONADA - NOME PESSOAL
Nome pessoal A. B. Pinheiro de Lemos
Função do autor por extenso Tradutor
9 (RLIN) 109
942 ## - ELEMENTOS DE ENTRADA ADICIONADOS (KOHA)
Fonte de classificação ou esquema de arquivamento Classificação decimal de Dewey
Ocultar no OPAC Não
Tipo de material Koha Livros
Holdings
Situação do descarte Situação das perdas Fonte de classificação ou esquema de arquivamento Status danificado Não pode ser emprestado Coleção Biblioteca de origem Biblioteca atual Localização na estante Data de aquisição Fonte de aquisição Total de empréstimos Número de chamada completo Código de barras Data de último acesso Data do preço efetivo Tipo de material Koha
    Classificação decimal de Dewey     Ficção Biblioteca Professor Eduardo Afonso de Castro Biblioteca Professor Eduardo Afonso de Castro Literatura Estrangeira 06.05.2025 doação   813 / S544l 2025-17342 06.05.2025 06.05.2025 Livros

Powered by Koha